| 000 | 01326nam a22003017a 4500 | ||
|---|---|---|---|
| 001 | 0000002954 | ||
| 003 | PPM | ||
| 005 | 20260304115345.0 | ||
| 008 | 260304b ||||| |||| 00| 0 eng d | ||
| 020 |
_a9679933059 _cRM 17.10 _qHardback |
||
| 035 | _a0000002954 | ||
| 040 |
_bEng _cPusat Penyelidikan Mineral, Jabatan Mineral Dan Geosains Malaysia _dPPM _erda |
||
| 082 | 0 |
_222 _a327.1095 _bMAL 1990 |
|
| 245 |
_aMalaysian Foreign Policy : Issues And Perspectives / _cedited by Mohammed Azhari Karim, Llewellyn D. Howell, Grace Okuda |
||
| 260 | 1 |
_aKuala Lumpur : _bInstitut Tadbiran Awam Negara (INTAN) , _c1990 |
|
| 300 | 0 | 0 |
_a134 pages .: _billustrations .; _c22 cm |
| 500 | _a"Some of the papers are revised versions of papers [presented at a Conference on "Malaysia's Foreign Policy" held in October 1987 at the National Institute of Public Administration, Malaysia." - Intr. | ||
| 504 | _aIncludes bibliographical references | ||
| 650 | 1 | 0 | _aInternational relations |
| 651 | 0 |
_aMalaysia _xForeign relations |
|
| 651 | 0 |
_aMalaysia _xForeign relations administration |
|
| 651 | 0 |
_aMalaysia _xNational security |
|
| 700 | 0 |
_aMohamed Azhari Karim _eeditor |
|
| 700 | 1 |
_aHowell, Llewellyn Donald, _d1940- _eeditor |
|
| 700 | 1 |
_aOkuda, Grace _eeditor |
|
| 710 | 2 | _aInstitut Tadbiran Awam Negara | |
| 942 |
_2ddc _cBK |
||
| 999 |
_c27162 _d27162 |
||